000
00270nam a22001217a 4500
082
_a
823
_b
BLY/C
100
_a
BLYTON, ENID
245
_a
CLAUDINE AT ST.CLAIRE'S
260
_a
CANADA
_b
DRAGON
_c
1975
300
_a
156
650
_a
ENGLISH STORY
_z
UNITED STATES
942
_c
BK
999
_c
7250
_d
7250